000 00641 a2200217 4500
003 CBULib
005 20260602142429.0
008 260602b |||||||| |||| 00| 0 eng d
040 _aCBULib
_bEnglish
_cCBULib
_erda
041 _aeng
050 _aBOZ(05)ZB/2020/2
110 _95574
_aBank of Zambia(BOZ)
245 _aZAMBANKER : a Bank of Zambia journal
_c/ by Bank of Zambia
250 _aJune, 2020 edition
260 _c2020.
_aLusaka :
_bBank of Zambia,
300 _a43 pages : illustrations
336 _2rdacontent
_aText |
_btxt
337 _2rdamedia
_aUnmediated |
_bn
338 _2rdacarrier
_aVolume
_bnc
942 _2mc
_c021
999 _c86742
_d86742